ბათუმის შოთა რუსთაველის სახელმწიფო უნივერსიტეტის ბიბლიოთეკა

Что такое математика. (ბიბ.ჩანაწერი № 39103)

000 -LEADER
fixed length control field 00665nam a2200217Ia 4500
001 - CONTROL NUMBER
control field 5678
003 - CONTROL NUMBER IDENTIFIER
control field GE_BSU
008 - FIXED-LENGTH DATA ELEMENTS--GENERAL INFORMATION
fixed length control field 181216s||||||||xx |||||||||||||| ||und||
040 ## - CATALOGING SOURCE
Transcribing agency GE_BSU
080 ## - UNIVERSAL DECIMAL CLASSIFICATION NUMBER
Universal Decimal Classification number 51
100 ## - MAIN ENTRY--PERSONAL NAME
Personal name Курант Р. Роббинс Г.
245 ## - TITLE STATEMENT
Title Что такое математика.
245 ## - TITLE STATEMENT
Remainder of title Элементарный очерк идей и методов.
245 ## - TITLE STATEMENT
Statement of responsibility, etc. Пер. с английского. Под. Ред. В.Л. Гончарова.
260 ## - PUBLICATION, DISTRIBUTION, ETC.
Place of publication, distribution, etc. Москва
260 ## - PUBLICATION, DISTRIBUTION, ETC.
Name of publisher, distributor, etc. Гостехиздат
260 ## - PUBLICATION, DISTRIBUTION, ETC.
Date of publication, distribution, etc. 1947
300 ## - PHYSICAL DESCRIPTION
Extent 664 с. 20 см.
653 ## - INDEX TERM--UNCONTROLLED
Uncontrolled term Что такое математика.
942 ## - ADDED ENTRY ELEMENTS (KOHA)
Koha item type წიგნი
ეგზემპლარები
Withdrawn status Lost status Damaged status Not for loan Date acquired Barcode Date last seen Price effective from Koha item type Public note
        2018-12-17 16376 2018-12-17 2018-12-17 წიგნი დარბაზი